Normal view
MARC view
Entry Topical Term
001 - CONTROL NUMBER
- control field: 8616
003 - CONTROL NUMBER IDENTIFIER
- control field: ARRUPE
005 - DATE AND TIME OF LATEST TRANSACTION
- control field: 20140212112459.0
008 - FIXED-LENGTH DATA ELEMENTS
- fixed length control field: 140212|| aca||aabn | a|a d
040 ## - CATALOGING SOURCE
- Original cataloging agency: ARRUPE
- Transcribing agency: ARRUPE
150 ## - HEADING--TOPICAL TERM
- Topical term or geographic name as entry element: John Paul 11
670 ## - SOURCE DATA FOUND
- Source citation: Work cat.: (ARRUPE): Cornwell, John 8615, The Pope in Winter , 2004